00422nam a2200169 a 4500008004100000020001500041050001500056100001800071245001700089260004000106300002300146350000900169500001800178650002500196650001400221650001700235120416s2000 ||||||||||||||||| || u a0748408177 aQR 251 Che aChernin, Jack10aParasitology aNew York :bTaylor & Francisc2000. aviii, 138p. : ill. a0.00 aBibliography. aMEDICAL PARASITOLOGY aPARASITES aPARASITOLOGY